UBT Library

Lying and deception in everyday life / (Record no. 47945)

000 -LEADER
fixed length control field 00720pam a2200229 a 4500
001 - CONTROL NUMBER
control field 1089080
005 - DATE AND TIME OF LATEST TRANSACTION
control field 20180918073835.0
008 - FIXED-LENGTH DATA ELEMENTS--GENERAL INFORMATION
fixed length control field 921030s1993 nyua b 001 0 eng
010 ## - LIBRARY OF CONGRESS CONTROL NUMBER
LC control number 92036145
020 ## - INTERNATIONAL STANDARD BOOK NUMBER
International Standard Book Number 0898628946
040 ## - CATALOGING SOURCE
Original cataloging agency DLC
Transcribing agency DLC
Modifying agency DLC
041 ## - LANGUAGE CODE
Language code of text/sound track or separate title eng
080 ## - UNIVERSAL DECIMAL CLASSIFICATION NUMBER
Universal Decimal Classification number 177.3 LEW
082 00 - DEWEY DECIMAL CLASSIFICATION NUMBER
Classification number 177.3 LEW
Edition number 20
100 ## - Rafti
Rafti 48
101 ## - Shkurtesa
Shkurtesa PSI
245 00 - TITLE STATEMENT
Title Lying and deception in everyday life /
Statement of responsibility, etc Michael Lewis, Carolyn Saarni, editors.
504 ## - BIBLIOGRAPHY, ETC. NOTE
Bibliography, etc Includes bibliographical references and index.
906 ## - LOCAL DATA ELEMENT F, LDF (RLIN)
a 7
b cbc
c orignew
d 1
e ocip
f 19
g y-gencatlg
942 ## - ADDED ENTRY ELEMENTS (KOHA)
Source of classification or shelving scheme
Item type Books
Holdings
Withdrawn status Lost status Source of classification or shelving scheme Damaged status Not for loan Collection code Permanent location Current location Shelving location Date acquired Total Checkouts Full call number Barcode Date last seen Price effective from Koha item type
          Koleksioni i përgjithshem UBT - Lipjan UBT - Lipjan Koleksioni i përgjithshem 09/18/2018   177.3 LEW 002-3012729 09/18/2018 09/18/2018 Books
UBT Library © 2015-2024. All rights reserved University Education for Business and Technology